000 00292nam a22001337a 4500
008 180131b xxu||||| |||| 00| 0 eng d
020 _a0931948991
041 _aeng
080 _a574
100 _a9
101 _aMJE
245 _aThe peachtree garden book
_cHenderson,E
942 _2udc
_cBK
999 _c41328
_d41328